00330nam a2200133Ia 45000030006000000080041000060400015000471000023000622450049000852600027001343000006001615460012001670050017001790STCL150530s9999 xx 000 0 und d aSTCLcSTCL aPalanichamy,S.; Ed aJournal of Ecobiology Vol-20 , No-1 Feb 2007 bPalani Paramountc2007 a0 aEnglish20220125165916.0